000 00346nam a2200145Ia 4500
008 191201s2009 xx 000 0 und d
082 _a540
_bSRE
100 _aSHRIVASTAVA, H C
245 0 _aEngineering Chemistry
250 _aRep.
260 _aMeerut
_bPragati Prakashan Meerut
_c2009
300 _a292
650 _aApplied
942 _2ddc
_cBK
999 _c3865
_d3865